| 000 | 004760000a22001810004500 | ||
|---|---|---|---|
| 003 | LK-CoMWRAF | ||
| 005 | 20240908015716.0 | ||
| 008 | 230817t ||||| |||| 00| 0 eng d | ||
| 040 |
_aLK-CoMWRAF _dLK-CoMWRAF _eLK-CoMWRAF |
||
| 041 | _aeng | ||
| 082 |
_a297.8 _bZAV |
||
| 100 | _aZavahir, S.F.M. | ||
| 245 |
_aSoviet Union Muslims: _bimpressions and insights |
||
| 260 |
_aColombo: _bInsaan Books; _c1985 |
||
| 300 | _a76 p. | ||
| 650 | _aMUSLIMS-Soviet Union | ||
| 942 | _cBK | ||
| 999 |
_c1691 _d1691 |
||